000 00345nam a2200133 i 4500
001 bg
100 1 _aPETLIC, Piotr
245 0 _aStateczność matalowych płyt czworokątnych w zakresie sprężystym /
_cP. Petlic.
260 _aWrocław,
_c1986.
040 _cBPK
041 _apol
942 _cKS
008 s pl f |000 0 pol
999 _c23237
_d23237
856 _uhttp://koha.tu.koszalin.pl/cgi-bin/koha/opac-detail.pl?biblionumber=23237
_yKatalog online BPK